000
00298nam a2200133Ia 4500
005
20251222143247.0
008
251222s9999||||xx |||||||||||||| ||spa||
020
_a
3-8228-3091-7
082
_a
791.437.2/E98
100
_a
Eyman, Scott
245
0
_a
John Ford:
264
_b
Taschen
942
_c
LIB
999
_c
14823
_d
14823